00815nam a22001815i 4500001000700000003000900007005001700016008004100033080001100074100002500085245022500110260014700335300002100482500002700503650003200530710003000562852004100592178669ES-MaACL20230906220601.0110610s1972 sp |||| | spa d a615.221 aForn Dalmau, Javier.10aAcciones de los glucósidos cardiotónicos sobre el transporte iónicob: interacciones con los mineralcorticoides / cresumen de la tesis presentada para aspirar al grado de doctor en medicina por Javier Forn Dalmau. aBarcelona : bUniversidad de Barcelona, Secretariado de Publicaciones, Intercambio Científico y Extensión Universitaria : bIvern, c1972. a17 p. ; c24 cm. aCub. tomada como port.04aGlucosidos cardiotónicos.2 aUniversidad de Barcelona. aES-MaACLjE-15361 (76) xOlim P-1374